000 00316nam a2200121Ia 4500
008 230822s1999 xx 000 0 und d
020 _a1 85029 574 3
041 _aeng
100 _aPARIKH A.
245 _aMAKING THE MOST OF SMALL SPACES .
260 _bCONRON OCTOPUS LIMITED LONDON WC2 9 HN
_c1999
300 _a80
999 _c855463
_d855463